| 000 | 00000nam 2200000zi 4500 |
| 001 | 9.951348 |
| 003 | CaOODSP |
| 005 | 20250526101701 |
| 006 | m o d f |
| 007 | cr |n||||||||| |
| 008 | 250526t20002000oncac o f001 0 fre d |
| 020 | |z0662847237 |
| 040 | |aCaOODSP|bfre|erda|cCaOODSP |
| 043 | |an-cn--- |
| 086 | 1 |aCi51-93/2000F-PDF|zCi51-93/2000F |
| 100 | 1 |aKnowles, Valerie, |eauteur. |
| 245 | 14|aLes artisans de notre patrimoine : |bla citoyenneté et l'immigration au Canada de 1900 à 1977 / |cValerie Knowles. |
| 264 | 1|a[Ottawa] : |bCitoyenneté et immigration Canada, |c[2000] |
| 264 | 4|c©2000 |
| 300 | |a1 ressource en ligne (iv, 103 pages) : |billustrations, portraits |
| 336 | |atexte|btxt|2rdacontent/fre |
| 337 | |ainformatique|bc|2rdamedia/fre |
| 338 | |aressource en ligne|bcr|2rdacarrier/fre |
| 500 | |aPublié aussi en anglais sous le titre : Forging our legacy : Canadian citizenship and immigration, 1900-1977. |
| 504 | |aComprend des références bibliographiques (pages 99-100) et un index. |
| 650 | 6|aCitoyenneté|zCanada. |
| 651 | 6|aCanada|xÉmigration et immigration|xHistoire. |
| 651 | 6|aCanada|xHistoire. |
| 710 | 1 |aCanada. |bCitoyenneté et immigration Canada, |eorganisme de publication. |
| 775 | 08|tForging our legacy : |w(CaOODSP)9.951342 |
| 776 | 0#|tLes artisans de notre patrimoine : |w(CaOODSP)9.681129 |
| 856 | 40|qPDF|s2715 Ko|uhttps://publications.gc.ca/collections/collection_2025/ircc/Ci51-93-2000-fra.pdf |